Podnikový sektor – vybrané aspekty empirické analýzy zemí Evropské unie
Podnikový sektor v makroekonomickom rámci. Vzťahy medzi inštitucionálnymi sektormi členských krajín Európskej únie. Vývoj kapitálovej štruktúry podnikov a problematika tzv. pákového efektu.
Guardado en:
| Autor principal: | |
|---|---|
| Formato: | Capítulo de libro |
| Lenguaje: | checo |
| Materias: | |
| Etiquetas: |
Sin Etiquetas, Sea el primero en etiquetar este registro!
|
MARC
| LEADER | 00000naa a2200000 4500 | ||
|---|---|---|---|
| 001 | 0215584 | ||
| 005 | 20221019174000.0 | ||
| 041 | 0 | |a cze | |
| 044 | |a CZ | ||
| 245 | 1 | 0 | |a Podnikový sektor – vybrané aspekty empirické analýzy zemí Evropské unie |c Vratislav Izák |
| 520 | |a Podnikový sektor v makroekonomickom rámci. Vzťahy medzi inštitucionálnymi sektormi členských krajín Európskej únie. Vývoj kapitálovej štruktúry podnikov a problematika tzv. pákového efektu. | ||
| 610 | 2 | 0 | |a podnik |
| 610 | 2 | 0 | |a Európska únia |
| 610 | 2 | 0 | |a organizácie nefinančné |
| 610 | 2 | 0 | |a sektor súkromný |
| 610 | 2 | 0 | |a sektor verejný |
| 610 | 2 | 0 | |a účty národné |
| 610 | 2 | 0 | |a štruktúra kapitálová |
| 100 | 1 | |a Izák, Vratislav | |